000 00367nam a2200133Ia 4500
005 20260328101459.0
008 260328s9999||||xx |||||||||||||| ||und||
100 _aBoesiger, Willy
245 0 _aLe Corbusier :
_b Obra completa - Vol. 2 (1929-1934) /
_cWilly Boesiger
260 _bLes Editions d'Architecture
300 _a206 p.
650 _aARQUITECTOS
942 _cBK
999 _c8906
_d8906